00931nam a2200229Ii 450000100060000000300090000600800410001502000150005604000330007104100080010408200160011210000360012824501650016426400720032930000120040133600260041333700280043933800270046794000520049499900170054695201380056311526CO-ViMGA241108s9999||||xx |||||||||||||| ||und|| a9589057519 aCO-ViMGAbspaerdacCO-ViMGA0 aunk04a822.33 I74l1 aAmalia Iriarte Núñez95345010aLo teatral en la obra de Shakespeare:bAnálisis de algunos aspectos escénicos en las dramas del Isabelino visto a la luz de la teoría teatral del siglo XX 1a[Lugar de publicación no identificado] : Ediciones Uniandes, 1996 avolumen atextbtxt2rdacontent aunmediatedbn2rdamedia avolumebnc2rdacarrier aidficha_siabuc: 11252. -- ficha_no_siabuc:11526 c50089d50089 001040708001aMEVIGERRbMEVIGERRcGENd2006-11-27o822.33 I74lpECA12567r2024-11-26 10:01:37tEj.1w2024-11-26yBKz11252 | 15170